000 00695nam a22002297a 4500
003 UA-OsUOA
001 99026
007 ta
008 20130423b un ||||| |||| 00| 0 ukr d
100 _aТолстой А.
090 _a821.161.1
_bТ53
942 _cBK
040 _aUA-OsUOA
_brus
_cUA-OsUOA
_dUA-OsUOA
245 _aИзбранные сочинения в шести томах
_b6
_cПьесы. Рассказы. Публицистика
300 _a633 с.
955 _a3
041 _arus
080 _a821.161.1
260 _aМ.
_bСоветский писатель
_c1953
650 7 _a82 Література. Літературознавство
_2UDC
999 _c385194
_d385194